00000000cam 2200000zi 4500
0019.963257
003CaOODSP
00520260603080331
006m     o  d f      
007cr bn|||||||||
008260602e20260602onc     ol   f000 0 eng d
040 |aCaOODSP|beng|erda|cCaOODSP
0410 |aeng|afre
043 |an-cn---
0861 |aXB451-279/1-PDF
1101 |aCanada. |bParliament. |bHouse of Commons, |eissuing body.
24513|aAn Act to repeal the Clarity Act = |bLoi abrogeant la Loi de clarification.
24611|aLoi abrogeant la Loi de clarification
264 1|a[Ottawa] : |bHouse of Commons of Canada = Chambre des communes du Canada, |cJune 2, 2026.
300 |a1 online resource (ii, 1 page).
336 |atext|btxt|2rdacontent
337 |acomputer|bc|2rdamedia
338 |aonline resource|bcr|2rdacarrier
4901 |aBill C-... ; |vBill C-279, 1st Session, 45th Parliament
500 |a"First Session, Forty-fifth Parliament, 3-4 Charles III, 2025-2026."
500 |a"First reading, June 2, 2026."
500 |a"Ms. Normandin."
520 |a"This enactment repeals the Clarity Act"--Summary, page ii.
546 |aText in English and French.
650 5|aFederal-provincial fiscal relations|zQuébec (Province)
650 0|aConstitutional law|zCanada.
650 0|aReferendum|zQuébec (Province)
650 0|aSecession|zQuébec (Province)
655 7|aLegislative bills|2lcgft
788 |tAn Act to repeal the Clarity Act = |efre|w(CaOODSP)9.963258
830#0|aBill C-...|vBill C-279, 1st Session, 45th Parliament.|w(CaOODSP)9.500659
85640|qPDF|s66.0 KB|uhttps://publications.gc.ca/collections/collection_2026/parl/XB451-279-1.pdf
8564 |qHTML|sN/A|uhttps://www.parl.ca/documentviewer/en/45-1/bill/C-279/first-reading
986 |a451198